[Event "Bad Sooden-Allendorf Seniors op 15th"]
[Site "Bad Sooden-Allendorf"]
[Date "2003.05.02"]
[Round "4"]
[White "Kirschner, Gerhard"]
[Black "Puls, Harry"]
[Result "1-0"]
[WhiteElo "1470"]
[BlackElo "1510"]
[PlyCount "87"]
[EventDate "2003.05.??"]
[EventType "swiss"]
[EventRounds "9"]
[EventCountry "GER"]
[SourceTitle "EXT 2006"]
[Source "ChessBase"]
[SourceDate "2005.11.24"]
[SourceVersion "1"]
[SourceVersionDate "2005.11.24"]
[SourceQuality "1"]

1. d4 d5 2. c4 e6 3. Nc3 c6 4. Nf3 Nf6 5. Bg5 Be7 6. e3 0-0 7. Qc2 Nbd7 8. cxd5 exd5 9. Bd3 h6 10. Bh4 Re8 11. 0-0 Bd6 12. Bxf6 Nxf6 13. h3 Bd7 14. a4 Rc8 15. Qb1 Re7 16. b4 Qe8 17. Nd2 b6 18. e4 dxe4 19. Ndxe4 Nxe4 20. Nxe4 Re6 21. Nxd6 Rxd6 22. Re1 Qd8 23. Re4 Qf6 24. Qe1 Rxd4 25. Rd1 Rxe4 26. Qxe4 g6 27. Qe3 Kg7 28. Bxg6 Qxg6 29. Qc3+ Qf6 30. Qxf6+ Kxf6 31. Rxd7 a5 32. bxa5 bxa5 33. Ra7 c5 34. Rxa5 c4 35. Rb5 c3 36. Rb1 Ke5 37. Kf1 Kd4 38. Ke2 Re8+ 39. Kd1 Kd3 40. Rb3 Re2 41. Rxc3+ Kxc3 42. Kxe2 Kb4 43. Ke3 Kxa4 44. Ke2 1-0

[Event "Bad Sooden-Allendorf Seniors op 14th"]
[Site "Bad Sooden-Allendorf"]
[Date "2002.04.29"]
[Round "8"]
[White "Puls, Harry"]
[Black "Jobski, Werner"]
[Result "0-1"]
[WhiteElo "1496"]
[BlackElo "1702"]
[PlyCount "92"]
[EventDate "2002.04.??"]
[EventType "swiss"]
[EventRounds "9"]
[EventCountry "GER"]
[SourceTitle "EXT 2006"]
[Source "ChessBase"]
[SourceDate "2005.11.24"]
[SourceVersion "1"]
[SourceVersionDate "2005.11.24"]
[SourceQuality "1"]

1. d4 Nf6 2. c4 e5 3. dxe5 Ne4 4. e3 Bb4+ 5. Bd2 Qe7 6. Nf3 Nc6 7. Bc3 Bxc3+ 8. Nxc3 Nxc3 9. bxc3 Nxe5 10. Nxe5 Qxe5 11. Qd4 Qg5 12. Qe4+ Qe7 13. Bd3 d6 14. 0-0 f5 15. Qxe7+ Kxe7 16. Rab1 b6 17. Rfe1 Kf6 18. e4 f4 19. f3 Re8 20. Re2 Ba6 21. Rbe1 Re5 22. g3 g5 23. Kf2 Rc5 24. h4 h6 25. hxg5+ hxg5 26. gxf4 gxf4 27. Rh1 Bxc4 28. Bxc4 Rxc4 29. Rc2 Rg8 30. Rh6+ Rg6 31. Rh5 Rg5 32. Rh8 d5 33. Rf8+ Ke5 34. exd5 Kxd5 35. Rd2+ Kc5 36. Rf7 c6 37. Rd4 Rxd4 38. cxd4+ Kxd4 39. Rxa7 Ra5 40. Rf7 Ke5 41. Rc7 Rxa2+ 42. Kg1 c5 43. Re7+ Kf6 44. Re4 Kf5 45. Rc4 Re2 46. Kf1 Re5 0-1

[Event "Bad Sooden-Allendorf Seniors op 14th"]
[Site "Bad Sooden-Allendorf"]
[Date "2002.04.23"]
[Round "2"]
[White "Morgner, Siegfried"]
[Black "Puls, Harry"]
[Result "1-0"]
[WhiteElo "1693"]
[BlackElo "1496"]
[PlyCount "120"]
[EventDate "2002.04.??"]
[EventType "swiss"]
[EventRounds "9"]
[EventCountry "GER"]
[SourceTitle "EXT 2006"]
[Source "ChessBase"]
[SourceDate "2005.11.24"]
[SourceVersion "1"]
[SourceVersionDate "2005.11.24"]
[SourceQuality "1"]

1. Nf3 d6 2. d4 Nf6 3. c4 Bg4 4. e3 Nc6 5. Nc3 e6 6. Bd2 d5 7. cxd5 exd5 8. Bb5 Bb4 9. Bxc6+ bxc6 10. Qa4 Bxc3 11. Qxc6+ Bd7 12. Qxc3 0-0 13. Rc1 Ne4 14. Qxc7 Bb5 15. Qxd8 Rfxd8 16. Bb4 Rdc8 17. Bc5 Rc7 18. Nd2 Nd6 19. Rc3 Nb7 20. Bb4 Rac8 21. Rxc7 Rxc7 22. Bc3 Na5 23. f3 Nc6 24. Kf2 f5 25. g3 a5 26. a3 a4 27. h4 Na7 28. g4 fxg4 29. fxg4 Bd3 30. Rc1 Nb5 31. Nf3 Nd6 32. Ne5 Ne4+ 33. Ke1 Nf6 34. Bd2 Rxc1+ 35. Bxc1 Bc2 36. Kd2 Bb3 37. Ke2 Kf8 38. Kf3 Bd1+ 39. Kf4 Ke7 40. h5 Ke6 41. Nf3 h6 42. Bd2 Ne4 43. Be1 Nd6 44. Ne5 Ne4 45. Bb4 Nf2 46. Bf8 Kf6 47. Bd6 Ke6 48. Bb4 Ne4 49. Nd3 Nf6 50. Nc5+ Kf7 51. Nd3 Nxg4 52. Ne5+ Nxe5 53. Kxe5 Bxh5 54. Kxd5 Bf3+ 55. Ke5 g5 56. d5 g4 57. Be1 Kg6 58. e4 h5 59. d6 Kf7 60. Bh4 Ke8 1-0

[Event "Saarlouis op 4th"]
[Site "Saarlouis"]
[Date "2001.05.23"]
[Round "6"]
[White "Fleckner, Hans"]
[Black "Puls, Harry"]
[Result "1-0"]
[WhiteElo "1790"]
[BlackElo "1598"]
[PlyCount "105"]
[EventDate "2001.05.??"]
[EventType "swiss"]
[EventRounds "9"]
[EventCountry "GER"]
[SourceTitle "EXT 2006"]
[Source "ChessBase"]
[SourceDate "2005.11.24"]
[SourceVersion "1"]
[SourceVersionDate "2005.11.24"]
[SourceQuality "1"]

1. e4 c5 2. Nf3 Nc6 3. d4 Nxd4 4. Nxd4 cxd4 5. Qxd4 a6 6. Nc3 d6 7. Be2 Bd7 8. 0-0 Bc6 9. Be3 Nf6 10. Rad1 Qc7 11. f4 e5 12. Qd3 Be7 13. Kh1 Qd7 14. f5 h5 15. Bf2 Bb5 16. Qf3 Bxe2 17. Qxe2 Qc6 18. Nd5 Nxd5 19. Rxd5 Rc8 20. c3 Qc4 21. Qxc4 Rxc4 22. Re1 0-0 23. g3 Rfc8 24. Re2 R8c6 25. Be1 b5 26. b3 R4c5 27. Rd3 Rc8 28. Rc2 Kf8 29. Bf2 R5c6 30. Kg2 g6 31. fxg6 fxg6 32. Be1 Kg7 33. Rf2 Rf8 34. Rdf3 Rxf3 35. Kxf3 Kf7 36. h3 Ke6 37. Ke3 Rc8 38. Kd3 Rd8 39. c4 bxc4+ 40. bxc4 Rb8 41. Rc2 Rf8 42. Rf2 Rb8 43. Kc2 a5 44. Rf3 Bd8 45. Rb3 Rxb3 46. Kxb3 Kd7 47. Ka4 Bb6 48. Kb5 Bc5 49. Bxa5 Bf2 50. g4 hxg4 51. hxg4 Kc8 52. Bb6 Bh4 53. a4 1-0

[Event "Saarlouis op 4th"]
[Site "Saarlouis"]
[Date "2001.05.19"]
[Round "1"]
[White "Puls, Harry"]
[Black "Becker, Thomas2"]
[Result "0-1"]
[WhiteElo "1598"]
[BlackElo "2178"]
[PlyCount "82"]
[EventDate "2001.05.??"]
[EventType "swiss"]
[EventRounds "9"]
[EventCountry "GER"]
[SourceTitle "EXT 2006"]
[Source "ChessBase"]
[SourceDate "2005.11.24"]
[SourceVersion "1"]
[SourceVersionDate "2005.11.24"]
[SourceQuality "1"]

1. d4 e6 2. Nf3 c5 3. c3 Nf6 4. e3 b6 5. Be2 Ba6 6. Bxa6 Nxa6 7. 0-0 Be7 8. Nbd2 0-0 9. Qa4 Qc8 10. e4 d6 11. e5 Nd7 12. Ne4 d5 13. Nd6 Bxd6 14. exd6 Nab8 15. Bf4 Nc6 16. Ne5 Ndxe5 17. dxe5 Qd7 18. Rac1 Nxe5 19. Qd1 Nc4 20. b4 Nxd6 21. bxc5 bxc5 22. Qg4 Kh8 23. Rfd1 Qe7 24. Qe2 Rfe8 25. Rd3 Nc4 26. Rh3 Qf6 27. Qh5 Qg6 28. Qe2 e5 29. Re1 f6 30. Bc1 e4 31. Rg3 Qf5 32. Be3 Nxe3 33. Rxe3 Qe5 34. c4 f5 35. cxd5 Qxd5 36. f3 Rac8 37. fxe4 Rxe4 38. Rxe4 fxe4 39. Qxe4 Qxa2 40. Qb7 Rf8 41. h3 Qf2+ 0-1

[Event "Kurpfalz op Seniors op 06th"]
[Site "Ludwigshafen"]
[Date "2000.10.07"]
[Round "7"]
[White "Siegl, Wolfgang"]
[Black "Puls, Harry"]
[Result "1-0"]
[WhiteElo "1662"]
[BlackElo "1642"]
[PlyCount "70"]
[EventDate "2000.10.01"]
[EventType "swiss"]
[EventRounds "7"]
[EventCountry "GER"]
[SourceTitle "EXT 2007"]
[Source "ChessBase"]
[SourceDate "2006.11.23"]
[SourceVersion "1"]
[SourceVersionDate "2006.11.23"]
[SourceQuality "1"]

1. d4 d5 2. Nf3 Nf6 3. g3 Bf5 4. Bg2 Nc6 5. 0-0 Nb4 6. Ne1 e6 7. a3 Nc6 8. e3 Bd6 9. c4 dxc4 10. Bxc6+ bxc6 11. Qa4 Qd7 12. Qxc4 Bh3 13. Nd3 Bxf1 14. Kxf1 0-0 15. Nc3 Rab8 16. e4 Be7 17. Ne5 Qe8 18. Nxc6 Rb7 19. Na5 Qa8 20. Nxb7 Qxb7 21. f3 Rc8 22. b4 Nd7 23. Bf4 Nb6 24. Qb5 c6 25. Qd3 h6 26. Rc1 Rd8 27. Be3 e5 28. Ne2 exd4 29. Bxd4 Bf6 30. Qc3 Na4 31. Qa1 Bxd4 32. Nxd4 Qa6+ 33. Kg2 Qb6 34. Rd1 Qa6 35. Kh3 c5 1-0

[Event "Bad Woerishofen Seniors op 16th"]
[Site "Bad Woerishofen"]
[Date "2000.??.??"]
[Round "6"]
[White "Bierbach, Utz Friedrich"]
[Black "Puls, Harry"]
[Result "1/2-1/2"]
[WhiteElo "1755"]
[BlackElo "1615"]
[PlyCount "92"]
[EventDate "2000.03.??"]
[EventType "swiss"]
[EventRounds "9"]
[EventCountry "GER"]
[SourceTitle "EXT 2003"]
[Source "ChessBase"]
[SourceDate "2002.11.25"]
[SourceVersion "1"]
[SourceVersionDate "2002.11.25"]
[SourceQuality "1"]

1. d4 d5 2. c4 e6 3. Nf3 Nf6 4. g3 Be7 5. Bg2 0-0 6. 0-0 Nbd7 7. b3 Ne4 8. Bb2 c6 9. Nbd2 Nxd2 10. Nxd2 Nf6 11. e4 dxe4 12. Nxe4 Nxe4 13. Bxe4 Bf6 14. Qc2 h6 15. Rad1 Qc7 16. Rd2 b6 17. Rfd1 Bb7 18. d5 Bxb2 19. d6 Qd7 20. Qxb2 c5 21. Bxb7 Qxb7 22. d7 Qc7 23. Rd6 Rad8 24. Qe2 Qb7 25. h4 a6 26. a4 Qc7 27. Qe4 Rb8 28. Qd3 Rfd8 29. h5 Rb7 30. Qe2 Qb8 31. Qe3 Qa7 32. Qd3 Rc7 33. g4 Qb7 34. Kh2 Rc6 35. Rxc6 Qxc6 36. Kg3 Kf8 37. Qd6+ Qxd6+ 38. Rxd6 Ke7 39. Rxb6 Rxd7 40. Rxa6 Rd3+ 41. f3 Rxb3 42. Ra7+ Kf6 43. Rc7 Rb4 44. Rxc5 Rxa4 45. Kf4 g5+ 46. hxg6 fxg6 1/2-1/2

[Event "Kurpfalz Seniors op 05th"]
[Site "Ludwigshafen"]
[Date "1999.??.??"]
[Round "?"]
[White "Puls, Harry"]
[Black "Kielgast, Ottomar"]
[Result "0-1"]
[WhiteElo "1572"]
[BlackElo "1515"]
[PlyCount "80"]
[EventDate "1999.10.09"]
[EventType "swiss"]
[EventRounds "7"]
[EventCountry "GER"]
[SourceTitle "EXT 2007"]
[Source "ChessBase"]
[SourceDate "2006.11.23"]
[SourceVersion "1"]
[SourceVersionDate "2006.11.23"]
[SourceQuality "1"]

1. d4 d5 2. c4 e6 3. Nc3 Nf6 4. e3 Be7 5. Nf3 b6 6. Bd2 Bb7 7. Rc1 c5 8. cxd5 Nxd5 9. Bb5+ Bc6 10. Bxc6+ Nxc6 11. Qa4 Rc8 12. Ne5 Qc7 13. Nb5 Qb7 14. Nc3 0-0 15. Nxc6 Rxc6 16. Ne4 Rfc8 17. 0-0 f5 18. Nc3 Nxc3 19. bxc3 R6c7 20. Qd1 c4 21. a4 Qc6 22. Rb1 a6 23. Qh5 Rb7 24. g4 g6 25. Qh3 Qe4 26. gxf5 Qxf5 27. Qg3 Qg5 28. f4 Qxg3+ 29. hxg3 Rf8 30. e4 b5 31. axb5 Rxb5 32. Rxb5 axb5 33. d5 exd5 34. exd5 Rd8 35. f5 Rxd5 36. Bh6 Rxf5 37. Re1 Kf7 38. Ra1 g5 39. Ra7 Re5 40. Ra8 Re6 0-1

[Event "GER-ch Seniors 07th"]
[Site "Oldenburg"]
[Date "1995.??.??"]
[Round "1"]
[White "Heemsoth, Hermann"]
[Black "Puls, Harry"]
[Result "1-0"]
[WhiteElo "1985"]
[BlackElo "1561"]
[PlyCount "74"]
[EventDate "1995.08.24"]
[EventType "swiss"]
[EventRounds "9"]
[EventCountry "GER"]
[SourceTitle "EXT 2022"]
[Source "ChessBase"]
[SourceDate "2021.10.06"]
[SourceVersion "1"]
[SourceVersionDate "2021.10.06"]
[SourceQuality "1"]

1. Nf3 d6 2. d4 Nf6 3. Nc3 Bf5 4. g3 Nc6 5. Bf4 Nb4 6. Rc1 Nbd5 7. Nxd5 Nxd5 8. Bd2 c6 9. c4 Nf6 10. Bg2 e6 11. Nh4 Bg6 12. Nxg6 hxg6 13. e4 Qb6 14. Bc3 Rd8 15. 0-0 Be7 16. Qd2 Ng4 17. h3 Nh6 18. Ba5 Qa6 19. Bxd8 Bxd8 20. b4 Qb6 21. Rfe1 0-0 22. c5 dxc5 23. dxc5 Qc7 24. Qd6 Qc8 25. Rcd1 a5 26. a3 axb4 27. axb4 b6 28. cxb6 Bxb6 29. Rc1 Rd8 30. Qxc6 Qb8 31. Re2 Qa7 32. Qc2 g5 33. g4 f5 34. exf5 exf5 35. gxf5 g4 36. hxg4 Qd7 37. Qc6 Bxf2+ 1-0